Svitova rada Rusyniv zasidala v Rumuniji

Bibliographic Details
Main Author: Kuzmiaková, Anna, 1949- (Author)
Format: Article
Language:Ukrainian
PhysicalDescription:Fotogr.
Subjects:
Online Access:www.rusyn.sk

MARC

LEADER 00000nab a2200000 a 4500
001 vtls011561824
003 SK-MaSNL
005 20260318115212.0
008 160621c2016 xo er p 000 c0ukr
015 |a SNBRB2016/06 
038 |a SVKPOCL 
040 |a SVKPOCL  |b slo  |c SVKPOCL  |e AACR2 
041 0 |a ukr 
044 |a xo  |c SK 
080 |a 80(=16)+908(4)  |2 2011 
080 |a 80(=161.25)+908(437.6)  |2 2011 
080 |a 316.022.4(=161.25)(100)  |2 2011 
080 |a 061.2  |2 2011 
080 |a 3.077.7  |2 2011 
080 |a (498)  |2 2011 
100 1 |a Kuzmiaková, Anna,  |d 1949-  |4 aut  |9 210981 
245 1 0 |a Svitova rada Rusyniv zasidala v Rumuniji  |c [avtor] -AK- 
300 |b Fotogr. 
500 |a -AK- pozri Kuzmiaková, Anna 
610 2 7 |a Svetová rada Rusínov  |2 svkpocl  |9 1061689 
648 7 |a 5.3.2016  |2 svkpocl  |9 1297014 
650 0 7 |a Rusíni  |2 svkpocl  |9 4087 
650 0 7 |a rusinistika  |2 svkpocl  |9 90871 
650 0 7 |a slavistika  |2 svkpocl  |9 4282 
650 0 7 |a zasadania  |2 svkpocl  |9 284751 
651 7 |a Deva (Rumunsko)  |2 svkpocl  |9 88254 
773 0 |t Info Rusyn  |g Roč. XIII, č. 5 (2016), s. [1] a 2 
852 |a SVKPO  |b KIS3GCP 
856 4 1 |u www.rusyn.sk 
958 |a RN 
958 |a SK 
958 |a SS 
958 |a RO 
999 |c 3304813  |d 3306743